Представление документа в формате MARC21

Поле Инд. ПП Название Значение
Тип записи a
Библиографический уровень a
001 Контрольный номер RU/IS/BASE/262108483
005 Дата корректировки 20231225152744.0
084 a Индекс другой классификации/Индекс ББК 4г(2); 63.3(2)-7; 26.9(2)0
090 00 a Полочн. индекс 63.5(2=Рус)
x Авторский знак Р 893
097 00 a 230
100 10 a Автор Власова И. В.
245 00 a Заглавие Традиционная земледельческая и промысловая культура
650 04 a Основная рубрика исторические науки
a Основная рубрика сельское хозяйство
a Основная рубрика этнология (этнография)
653 00 a Ключевые слова аграрная культура
a Ключевые слова агрономия
a Ключевые слова азиатская часть России
a Ключевые слова европейская часть России
a Ключевые слова животноводство
a Ключевые слова залежное земледелие
a Ключевые слова земледелие
a Ключевые слова земледельческие культуры
a Ключевые слова история
a Ключевые слова история сельского хозяйства
a Ключевые слова ландшафты
a Ключевые слова области
a Ключевые слова овощеводство
a Ключевые слова огородничество
a Ключевые слова орудия труда
a Ключевые слова помыслы
a Ключевые слова природно-климатические зоны
a Ключевые слова природные условия
a Ключевые слова промысловая культура
a Ключевые слова районы
a Ключевые слова региональное земледелие
a Ключевые слова Россия
a Ключевые слова русские
a Ключевые слова садоводство
a Ключевые слова севооборот
a Ключевые слова сельскохозяйственная техника
a Ключевые слова сельскохозяйственные культуры
a Ключевые слова сельскохозяйственные орудия
a Ключевые слова скотоводство
a Ключевые слова специализация
a Ключевые слова трехпольное земледелие
a Ключевые слова физико-географическая характеристика
773 00 d Дата издания источника Москва, 1999
g Прочая информация С. 158-183
t Заглавие источника Русские
w Контрольный № источника RU/IS/BASE/102094566
901 t Тип документа a